00360nam a2200145Ia 4500008004100000020001500041041001200056082001600068100001600084245005800100250000800158260002500166300000800191650001500199221030s9999 xx 000 0 und d a0074639749 aEnglish a105.23bVoh aN. D. Vohra 0aQuantitative Techniques in Managementcby N. D. Vohra a2nd bTMHaNew Delhic2005 a929 aManagement